000 00362nam a2200169Ia 4500
003 0STCL
008 150530s9999 xx 000 0 und d
040 _aSTCL
_cSTCL
100 _aBalaguruswamy, E.
245 _aProgramming in basic
250 _aThird
260 _c1999
546 _aEnglish
942 _2ddc
_cBK
999 _c628
_d628
005 20220125160202.0